Music Quiz

Random Music or The Beatles Quiz

Subcategory Multiple Choice: Music II Quiz Stats

 Plays Quiz Updated Apr 19, 2018

Challenge
Share
Tweet
Embed
Score 0/16 Timer 04:00
5 Plays Today
Question Answer Wrong Answers
The Beatles
Which Beatle was NOT an original member of the band?
Ringo Starr
85%
Paul McCartney
2.4%
George Harrison
10.6%
John Lennon
1.9%
Kpop
K-pop is a genre of music originating in which country?
South Korea
80.5%
North Korea
9.2%
Kyrgyzstan
2.1%
Kenya
3%
Classical
Which classical composer compiled 'Swan Lake'?
Pyotr Ilyich Tchaikovsky
79%
Wolfgang Amadeus Mozart
6.2%
Johann Sebastian Bach
5.8%
Sergei Rachmaninoff
4.9%
Lyrics
'Life is a mystery' is the opening lyric to which song?
Like a Prayer
72.7%
Bohemian Rhapsody
10%
Genie in a Bottle
10%
Rolling in the Deep
5.8%
Singers
Which singers collaborated to record the song 'Empire State of Mind'?
Jay-Z & Alicia Keys
71.4%
Jay-Z & Beyoncé
13%
Usher & Alicia Keys
9.4%
Usher & Beyoncé
3.7%
Figure out the Lyrics
What is the missing word in this lyric: 'Ground Control to Major Tom. Take your protein pills and put your _____ on'?
helmet
64.3%
spacesuit
17.3%
seatbelt
10.1%
boosters
3.4%
Taylor Swift
What color is also the name of a Taylor Swift album?
Red
62.5%
Orange
7.9%
Purple
9.9%
Yellow
14.2%
Song
Which of these Michael Jackson songs was released first?
Ben
62.4%
Billie Jean
16.2%
Beat It
11.8%
Bad
9.2%
Album
Which artist compiled the best-selling Greatest Hits album of all time?
Eagles
44.3%
The Beatles
22.9%
Queen
24%
Madonna
8%
Rap
Which artist has won the Grammy Award for 'Best Rap Album' the most times?
Eminem
42.9%
Kanye West
20.9%
Jay-Z
29.1%
OutKast
3.3%
Bands
Guitarist Jason Everman played in which two bands during his career?
Nirvana & Soundgarden
39.7%
Death Cab for Cutie & Nickelback
29.9%
Aerosmith & Led Zeppelin
15.4%
Red Hot Chili Peppers & Bon Jovi
12.8%
Rock
Which of these rock bands was first to debut an album?
Pink Floyd
39%
Led Zeppelin
37.9%
Aerosmith
9.7%
Queen
10.1%
Clip
Which of these songs opens with the sound of bells?
John Lennon - Mother
27.9%
Led Zeppelin - Stairway to Heaven
18.3%
Mike Oldfield - Tubular Bells
43.6%
Eagles - Hotel California
7.1%
Artist
After The Beatles, which artist had the most Billboard Hot 100 #1 singles of the 1960s?
The Supremes
20.1%
The Rolling Stones
25%
Elvis Presley
47.5%
The Four Seasons
4.6%
Billboard
Which song holds the record for most weeks spent at #1 on the Billboard Hot 100 chart?
One Sweet Day
9.9%
I Will Always Love You
43.8%
Candle in the Wind (1997)
35.1%
I Gotta Feeling
6.9%
Country Music
In which US state can the 'Birthplace of Country Music Museum' be found?
Virginia
4.9%
Tennessee
76.3%
Kentucky
8.1%
Alabama
6.1%

You're not logged in!

Compare scores with friends on all Sporcle quizzes.
Join for Free
OR
Log In

You Might Also Like...

Show Comments

Extras

Top Quizzes Today


Score Distribution

Your Account Isn't Verified!

In order to create a playlist on Sporcle, you need to verify the email address you used during registration. Go to your Sporcle Settings to finish the process.

Report this User

Report this user for behavior that violates our Community Guidelines.

Details: